| 000 | 00625nam a2200241Ia 4500 | ||
|---|---|---|---|
| 003 | OSt | ||
| 005 | 20221007100625.0 | ||
| 006 | a|||||r|||| 00| 0 | ||
| 007 | ta | ||
| 008 | 221006b |||||||| |||| 00| 0 eng d | ||
| 024 | _a4,774 | ||
| 037 | _cTextual | ||
| 040 |
_aLCO _cLCO _beng |
||
| 041 |
_2eng _aeng |
||
| 082 | _aV3:5, M0 | ||
| 100 |
_aO'HIGGINS Paul _9283047 |
||
| 245 | 0 | _aCases and materials on civil liberties | |
| 260 |
_aLondon _bSweet & Maxwell _c1980 |
||
| 300 | _a479 | ||
| 650 |
_aCIVIL LIBERTY _9701908 |
||
| 942 |
_hV3:5, M0 _cTEXL |
||
| 999 |
_c1174337 _d1174337 |
||